000 00664nam a22002297a 4500
003 UA-OsUOA
001 79988
007 ta
008 20111125b un ||||| |||| 00| 0 ukr d
100 _aГейдеко В.А.
090 _a821.161.1
_bГ29
942 _cBK
040 _aUA-OsUOA
_brus
_cUA-OsUOA
_dUA-OsUOA
245 _aЛичная жизнь директора
_bроман. Повесть. Рассказы
300 _a302 с.
955 _a3
041 _arus
080 _a821.161.1
260 _aСтаврополь
_bКн. изд-во
_c1984
650 7 _a82 Література. Літературознавство
_2UDC
999 _c366289
_d366289